书目信息 |
| 题名: |
建设中国特色的社会主义经济体制
|
|
| 作者: | 何建章 著 | |
| 分册: | ||
| 出版信息: | 北京 中国展望出版社 1985 |
|
| 页数: | 412页 | |
| 开本: | 19cm | |
| 丛书名: | ||
| 单 册: | ||
| 中图分类: | F123.9 | |
| 科图分类: | ||
| 主题词: | 经济体制改革--中国--文集 , 经济--中国 | |
| 电子资源: | ||
| ISBN: | ||
| 000 | 00737nam0 2200265 45 | |
| 001 | 0185002178 | |
| 005 | 20040427104647.4 | |
| 010 | @dCNY2.15 | |
| 091 | @aCN@b4271.082 | |
| 100 | @a19900816d1985 kemy0chiy0121 ea | |
| 101 | 0 | @achi |
| 102 | @aCN@b110000 | |
| 105 | @ay z 000yy | |
| 106 | @ar | |
| 200 | 10 | @a建设中国特色的社会主义经济体制@Ajian she zhong guo te se de she hui zhu yi jing ji ti zhi@f何建章著 |
| 210 | @a北京@c中国展望出版社@d1985 | |
| 215 | @a412页@d19cm | |
| 606 | @a经济体制改革@y中国@x文集 | |
| 606 | 0 | @a经济@x中国 |
| 610 | 0 | @a改革 |
| 690 | @aF123.9 | |
| 701 | 0 | @a何建章@Ahe jian zhang@4著 |
| 801 | 0 | @aCN@b深圳图书馆@c20040427 |
| 801 | 2 | @aCN@bNLC@c20040427 |
| 905 | @f2@b145463-464@dF123.9@e45 | |
| 建设中国特色的社会主义经济体制/何建章著.-北京:中国展望出版社,1985 |
| 412页;19cm |
| ISBN :CNY2.15 |
| ● |
| 相关链接 |
|
|
|
|
正题名:建设中国特色的社会主义经济体制
索取号:F123.9/45
 
预约/预借
| 序号 | 登录号 | 条形码 | 馆藏地/架位号 | 状态 | 备注 |
| 1 | 0145463 | 000195979 | 密集书库/ [索取号:F123.9/45] | 在馆 | |
| 2 | 0145464 | 000196013 | 密集书库/ [索取号:F123.9/45] | 在馆 | |
| 3 | 0145465 | 000196059 | 第一样本阅览室/ [索取号:F123.9/45] | 在馆 |